| 000 | 01187nam a2200337 a 4500 | ||
|---|---|---|---|
| 001 | 000046690 | ||
| 003 | DO-SdBNP | ||
| 005 | 20230327135539.0 | ||
| 007 | ta | ||
| 008 | 121115s2017 dr 000 p spa d | ||
| 020 | _a9789945492965 (v.1) | ||
| 020 | _a9789945492972 (v.2) | ||
| 040 |
_aDO-SdBNP _bspa _cBNPHU |
||
| 082 | 4 |
_aPa860.508 _bP222n _222 |
|
| 245 | 0 | 0 |
_aParaguái ñe e / _ccompilación y selección de Bernardo Neri Farina, Susy Delgado, Javier Viveros. |
| 260 |
_aSanto Domingo : _bNacional, _c2017. |
||
| 300 |
_a395 p. ; _c24 cm. |
||
| 490 | 0 |
_aHomenaje ; _v1-2 |
|
| 500 | _aIncluye datos biográficos de los compiladores en las solapas | ||
| 500 | _aIncluye bibliografía | ||
| 505 |
_av.1. _tAntología de poesía paraguaya-- _gv.2. _tAntología de narrativa paraguaya |
||
| 590 | _aInventariado, 2018/ YL | ||
| 650 | 4 |
_aPoesía paraguaya _yColecciones _983202 |
|
| 650 | 4 |
_aCuentos paraguayos _924160 |
|
| 650 | 4 |
_aLiteratura paraguaya _915641 |
|
| 700 | 1 |
_aNeri Farina, Bernardo _ecomp. _974641 |
|
| 700 | 1 |
_aDelgado, Susy _ecomp. _974642 |
|
| 700 | 1 |
_aViveros, Javier _ecomp. _974643 |
|
| 910 | _aValidado. Control de calidad MFF | ||
| 942 |
_2ddc _cLBS1 |
||
| 999 |
_c46179 _d46179 |
||